Využitie sociálnych sietí v marketingu firmy bakalárska práca

Gespeichert in:
Bibliographische Detailangaben
1. Verfasser: Aczel, Alfonz
Körperschaft: Obchodná fakulta EU. Katedra informatiky obchodných firiem
Weitere Verfasser: Škvarčeková, Oľga
Format: Buch
Sprache:Slowakisch
Veröffentlicht: Bratislava 2013
Tags: Tag hinzufügen
Keine Tags, Fügen Sie das erste Tag hinzu!

MARC

LEADER 00000nbm a2200000 4500
001 0171199
005 20161109112022.8
041 0 |a slo 
044 |a SK 
245 1 0 |a Využitie sociálnych sietí v marketingu firmy  |b bakalárska práca  |c Alfonz Aczel ; školiteľ: Oľga Škvarčeková 
264 1 |a Bratislava  |c 2013 
300 |a 49 s. 
100 1 |a Aczel, Alfonz 
700 1 |a Škvarčeková, Oľga 
710 2 |a Obchodná fakulta EU. Katedra informatiky obchodných firiem